000 00869nam a2200241 a 4500
001 BRCA_4253
005 20190320204613.0
008 140610s1922----ag-#######---#000-0#spa-#
041 _aspa
044 _aag
050 4 _aHQ769
_b.A46 1922
100 1 _aAmmon, Aug. Fr. von
_910969
245 1 0 _aLos primeros deberes de la madre y los primeros cuidados del niño
_bpara la instrucción de esposas y madres jovenes
_cAug. Fr. von Ammon ; libro corregido y aumentado por el Dr. K. Hoffmann y vertido al castellano por el Prof. Z. Salinas.
260 _aBerlín : Argentina
_bEditora Internacional
_c1922
300 _a154 p. (v.2)
_c18 cm.
440 0 _aBiblioteca de la medicina social
_910970
500 _aAM65
650 1 4 _aNiños
_xCuidado e higiene
_910971
700 1 _aHoffmann, K.
_910972
700 1 _aSalinas, Z.
_910973
902 _aGFM
942 _2lcc
_cB
999 _c3964
_d3964